Guess The Farm Animals - Statistics

General Stats
  • This quiz has been taken 426 times
  • The average score is 5 of 7
Answer Stats
Hint Answer % Correct
This Animal Goes Moo Cow
97%
This Animal Goes Oink Pig
92%
This Animal Goes Quack Duck
76%
This Animal Goes Baa Sheep
69%
This Animal Goes Neigh Horse
62%
This Animal Goes Cluck Chicken
37%
This Animal Goes Cock-A-Doodle-Do Rooster
23%
No matching quizzes found
Score Distribution
Percent of People with Each Score
Percentile by Number Answered
Your Score History
You have not taken this quiz